Statistics for 20 Oceanian cities furthest from a bigger, with a map.

Click here to take the quiz!

General Stats

  • This quiz has been taken 85 times
    (43 since last reset)
  • The average score is 14 of 20

Answers on the Map

Answers color-coded by a green-red scale on the quiz's map according to % correct below.
 

Answer Stats

KmPopCityNearest bigger% Correct
21611.48 MAucklandSydney
97%
-5.00 MMelbourne-
97%
27272.25 MPerthMelbourne
97%
2087364 kPort MoresbyBrisbane
97%
2105185 kSuvaAuckland
97%
1545122 kDarwinJayapura
93%
128424.8 kAlice SpringsDarwin
90%
115235.9 kApiaSuva
83%
187963.4 kSouth TarawaHoniara
76%
1402169 kHoniaraPort Moresby
72%
7051853 kHonoluluAuckland
72%
1333182 kNouméaSuva
69%
3390137 kPapeeteSuva
69%
1029173 kTownsvilleSunshinne Coast
62%
1048233 kJayapuraPort Moresby
41%
91917.0 kKarrathaGeraldton
38%
90914.0 kKororManokwari
31%
101813.8 kWenoDedeo
31%
1067118 kSorongJayapura
28%
1834139 kDedeoJayapura
21%

Score Distribution

Percentile by Number Answered

Percent of People with Each Score

Your Score History

You have not taken this quiz since the last reset